Dionysos in classical Athens : an understanding through images /
Dionysos, with his following of satyrs and women, was a major theme in a big part of the figure painted pottery in 500-300 B.C. Athens. As an original testimonial of their time, the imagery on these vases convey what this god meant to his worshippers. It becomes clear that - contrary to what is usua...
المؤلف الرئيسي:
مؤلفون آخرون:
التنسيق: كتاب الكتروني
اللغة:
English
German
منشور في:
Leiden ; Boston :
Brill.
c2015.
سلاسل:
Religions in the Graeco-Roman World
181.
Religions in the Graeco-Roman World Online, ISBN: 9789004299672.
الموضوعات:
الوصول للمادة أونلاين: Login to view Source
الوسوم: إضافة وسم
رقم الطلب: BL820.B2 I7 2015
| LEADER | 03357nam a2200661 i 4500 | ||
|---|---|---|---|
| 001 | BRILL9789004270121 | ||
| 003 | nllekb | ||
| 005 | 20230529205745.0 | ||
| 006 | m d | ||
| 007 | cr un uuuua | ||
| 008 | 141024s2015 ne a sb 001 0 eng d | ||
| 010 | |a 2014032774 | ||
| 020 | |a 9789004270121 |q (electronic book) | ||
| 020 | |z 9789004270114 |q (print) | ||
| 024 | 7 | |a 10.1163/9789004270121 |2 DOI | |
| 035 | |a (OCoLC)893974180 |z (OCoLC)889167220 | ||
| 040 | |a NL-LeKB |c NL-LeKB |e rda | ||
| 041 | 1 | |a eng |h ger | |
| 043 | |a e-gr--- | ||
| 050 | 4 | |a BL820.B2 |b I7 2015 | |
| 072 | 7 | |a BL |2 lcco | |
| 072 | 7 | |a N |2 lcco | |
| 072 | 7 | |a HRAX |2 bicssc | |
| 072 | 7 | |a REL033000 |2 bisacsh | |
| 082 | 0 | 4 | |a 292.2/113 |2 23 |
| 100 | 1 | |a Isler-Kerényi, Cornelia. | |
| 245 | 1 | 0 | |a Dionysos in classical Athens : |b an understanding through images / |c by Cornelia Isler-Kerényi ; translated by Anna Beerens. |
| 264 | 1 | |a Leiden ; |a Boston : |b Brill. | |
| 264 | 4 | |c c2015. | |
| 300 | |a 1 online resource (xx, 290 pages) : |b illustrations. | ||
| 336 | |a text |b txt |2 rdacontent | ||
| 337 | |a computer |b c |2 rdamedia | ||
| 338 | |a online resource |2 rdacarrier | ||
| 490 | 1 | |a Religions in the Graeco-Roman world, |x 0927-7633 ; |v v. 181 | |
| 504 | |a Includes bibliographical references and indexes. | ||
| 505 | 0 | 0 | |a Introduction -- Dionysiac Subjects in Red-Figure Pottery -- Dionysos for Athens, Dionysos for All -- All Kinds of Satyrs -- Dionysos, a God for the Athenians -- Dionysiac Mythology in Flux -- Unfamiliar and Unknown Dionysiac Rituals -- A New Dionysos at the Parthenon -- The New Dionysos in Vase Painting -- Images of Dionysos from 430 BC onwards -- Summing Up. |
| 506 | |a Available to subscribing member institutions only. | ||
| 520 | |a Dionysos, with his following of satyrs and women, was a major theme in a big part of the figure painted pottery in 500-300 B.C. Athens. As an original testimonial of their time, the imagery on these vases convey what this god meant to his worshippers. It becomes clear that - contrary to what is usually assumed - he was not only appropriate for wine, wine indulgence, ecstasy and theatre. Rather, he was present in both the public and private sphere on many, both happy and sad, occasions. In addition, the vase painters have emphasized different aspects of Dionysos for their customers inside and outside of Athens, depending on the political and cultural situation. | ||
| 559 | 4 | |a BL820.B2 I7 2015 | |
| 600 | 0 | 0 | |a Dionysus |c (Greek deity) |
| 600 | 0 | 0 | |a Dionysus |c (Greek deity) |x Cult. |
| 600 | 0 | 7 | |a Dionysus |c (Greek deity) |2 fast |
| 650 | 0 | |a Vase-painting, Greek |z Greece |z Athens. | |
| 650 | 0 | |a Vases, Red-figured |z Greece |z Athens. | |
| 650 | 7 | |a Cults. |2 fast | |
| 650 | 7 | |a Vase-painting, Greek. |2 fast | |
| 650 | 7 | |a Vases, Red-figured. |2 fast | |
| 651 | 7 | |a Greece |z Athens. |2 fast | |
| 655 | 7 | |a Art. |2 fast | |
| 700 | 1 | |a Beerens, Anna, |d 1957- | |
| 776 | 0 | |z 9789004270121 | |
| 776 | 0 | |w (GyWOH)har145025207 | |
| 830 | 0 | |a Religions in the Graeco-Roman World |v 181. | |
| 830 | 0 | |a Religions in the Graeco-Roman World Online, ISBN: 9789004299672. | |
| 856 | 4 | |z DOI: |u http://dx.doi.org/10.1163/9789004270121 | |
| 942 | |2 lcc |c EBOOK | ||
| 952 | |0 0 |1 0 |2 lcc |4 0 |6 BL0820 B2 I7 02015 |7 1 |9 47582 |a BRILL |b BRILL |d 2023-05-29 |l 0 |o BL820.B2 I7 2015 |r 2023-05-29 00:00:00 |w 2023-05-29 |y EBOOK | ||
| 999 | |c 52926 |d 52926 | ||
